| 000 | 00415 a2200133 4500 | ||
|---|---|---|---|
| 001 | ART_45120 | ||
| 005 | 20260410162039.0 | ||
| 008 | 260409a | ||
| 245 | 1 | 0 | _aRedes energéticas en la Argentina |
| 100 | 1 | _aLaurelli, Elsa | |
| 700 | 1 | _aJacinto, Guillermina | |
| 700 | 1 | _aCarrizo, Silvina | |
| 773 | 0 |
_tRevista de estudios regionales y mercado de trabajo _g- NÂș 7 (ene./dic. 2011) _wREV44894 |
|
| 999 |
_c34679 _d34679 |
||